📖150 premiers mots"Le tour du monde en 80 jours"Jules Verne - Statistiques

Statistiques générales
  • Ce quiz a Ă©tĂ© pris 95 fois
  • Le rĂ©sultat moyen est 82 sur 150
Statistiques - réponses
Mots % Correct
esq.,
99%
l'
97%
Londonner.
97%
Londres,
97%
Phileas
97%
Ă 
95%
A
95%
Angleterre,
95%
Saville-row,
95%
Sheridan
95%
le
94%
Fogg,
91%
Fogg
91%
il
90%
c'
87%
Club
87%
n'
87%
de
86%
et
86%
la
85%
Reform-
83%
du
79%
Gardens,
79%
pas
79%
un
78%
les
77%
Burlington
74%
Byron, --
74%
Byron
74%
des
74%
était
73%
ce
72%
plus
72%
qu'
72%
ne
69%
par
69%
qui
68%
En
67%
en
67%
que
67%
on
63%
On
63%
On ...
63%
dans
62%
mais
62%
homme
58%
sûr,
53%
bien
49%
année
47%
1872,
46%
1816, --
45%
aux
45%
grands
44%
car
41%
sans
41%
ĂȘtre
40%
donc
37%
peut-
36%
rien
33%
rien,
33%
faire
31%
disait
29%
dont
29%
coup
28%
savait
27%
maison
26%
-- maison
26%
beaux
24%
membres
22%
fort
18%
Anglais,
17%
laquelle
17%
gentlemen
15%
habitée
15%
haute
14%
société
14%
ans
13%
aurait
13%
7
12%
numéro
12%
pût
12%
mourut
10%
ressemblait
10%
sinon
10%
portant
9%
anglaise.
8%
mille
6%
tĂȘte,
6%
moustaches
5%
favoris,
4%
prendre
4%
attention.
3%
attirer
3%
personnage
3%
pieds, --
3%
vécu
3%
galant
1%
honorent
1%
orateurs
1%
quant
1%
semblĂąt
1%
succédait
1%
énigmatique,
0%
impassible,
0%
irréprochable
0%
remarqués
0%
singuliers
0%
tĂąche
0%
vieillir.
0%
Aucun quiz correspondant
Distribution des résultats
% des personnes avec chaque résultat
Percentile par nombre de réponses
Votre historique - résultats
Vous n’avez pas pris ce quiz